000 00218 a2200097 4500
001 11383
100 _aAllen, H. C.
245 _aThe Anglo American Predicament
260 _a
_bMacmillan & Co
_c
090 _c8930
_d8930
942 _aNUST-CAE
_cM
_c35745
999 _c246456
_d246456